000 00282nam a22001217a 4500
008 170627b xxu||||| |||| 00| 0 eng d
041 _aeng
080 _a32
100 _a21
101 _aSHP
245 _aTHE POLITICALLY INCORRECT GUIDE SCIENCE
_cBETHELL.T
942 _2udc
_cBK
999 _c19125
_d19125